Southville International School and Colleges
Your cart is empty.
  • Cart
  • Lists
    Public lists Eva Luna New books Lux_list list_1
    Your lists Log in to create your own lists
  • Log in to your account
  • Your cookies
  • Search history
Southville International School and Colleges
  • Advanced search
  • Recent comments
  • Most popular
  • Libraries

Log in to your account

Log in with GOOGLE


If you do not have an external account, but do have a local account, you can still log in:

  1. Home
  2. MARC view: The one-page financial plan :
Normal view MARC view ISBD view

The one-page financial plan : (Record no. 277097)

[ view plain ]
MARC details
000 -LEADER
fixed length control field 00655nam a22002057a 4500
003 - CONTROL NUMBER IDENTIFIER
control field SISC
005 - DATE AND TIME OF LATEST TRANSACTION
control field 20150121114408.0
008 - FIXED-LENGTH DATA ELEMENTS--GENERAL INFORMATION
fixed length control field 150121b xxu||||| |||| 00| 0 eng d
020 ## - INTERNATIONAL STANDARD BOOK NUMBER
International Standard Book Number 9781118588499
050 ## - LIBRARY OF CONGRESS CALL NUMBER
Classification number HG 179
Item number .H496 2013
100 ## - MAIN ENTRY--PERSONAL NAME
Personal name Henderson, Sam.
245 ## - TITLE STATEMENT
Title The one-page financial plan :
Remainder of title everything you need to successfully manage your money and invest for wealth creation /
Statement of responsibility, etc Sam Henderson.
260 ## - PUBLICATION, DISTRIBUTION, ETC. (IMPRINT)
Place of publication, distribution, etc Australia :
Name of publisher, distributor, etc Wrightbooks,
Date of publication, distribution, etc c2013.
300 ## - PHYSICAL DESCRIPTION
Extent 328 pages :
Dimensions 22 cm.
521 ## - TARGET AUDIENCE NOTE
Target audience note Business Administration
650 ## - SUBJECT ADDED ENTRY--TOPICAL TERM
Topical term or geographic name as entry element Finance.
650 ## - SUBJECT ADDED ENTRY--TOPICAL TERM
Topical term or geographic name as entry element Personal Saving and investment.
650 ## - SUBJECT ADDED ENTRY--TOPICAL TERM
Topical term or geographic name as entry element Wealth.
942 ## - ADDED ENTRY ELEMENTS (KOHA)
Source of classification or shelving scheme Library of Congress Classification
Koha item type Books
Call number prefix Foreign
Holdings
Withdrawn status Lost status Source of classification or shelving scheme Damaged status Home library Current library Shelving location Date acquired Source of acquisition Sub Shelving location Total Checkouts Full call number Barcode Date last seen Price effective from Koha item type
    Library of Congress Classification   College Library College Library Reserve Section 01/21/2015 Library Fund     HG 179 .H496 2013 C19054 05/15/2018 01/21/2015 Books

The one-page financial plan :

APA

Henderson S., . (2013). The one-page financial plan. Australia: Wrightbooks.

Chicago

Henderson Sam, . 2013. The one-page financial plan. Australia: Wrightbooks.

Harvard

Henderson S., . (2013). The one-page financial plan. Australia: Wrightbooks.

MLA

Henderson Sam, . The one-page financial plan. Australia: Wrightbooks. 2013.

  • Place hold
  • Print
  • Cite
  • Add to your cart (remove)
  • Save record
    BIBTEX Dublin Core MARCXML MARC (non-Unicode/MARC-8) MARC (Unicode/UTF-8) MARC (Unicode/UTF-8, Standard) MODS (XML) RIS
  • More searches
    Search for this title in:
    Other Libraries (WorldCat) Other Databases (Google Scholar) Online Stores (Bookfinder.com) Open Library (openlibrary.org)

Exporting to Dublin Core...

SOUTHVILLE LIBRARY

Southville International School and Colleges Library

1281 Tropical Ave. Cor. Luxembourg St., BF Homes International, Las Pinas City

Tel. No. 8256374 / 252358 Loc. 117/146

Powered by Koha